E-commerce : Business. technology. society

Shranjeno v:
Bibliografske podrobnosti
Glavni avtor: Laudon, Kenneth C.
Format: Knjiga
Jezik:Undetermined
Izdano: New York Pearson Addison Wesley 2003
Teme:
Oznake: Označite
Brez oznak, prvi označite!
Thư viện lưu trữ: Trung tâm Học liệu Trường Đại học Cần Thơ
LEADER 00604nam a2200205Ia 4500
001 CTU_88072
008 210402s9999 xx 000 0 und d
020 |c 101.00 
082 |a 658.872 
082 |b L372 
100 |a Laudon, Kenneth C. 
245 0 |a E-commerce : 
245 0 |b Business. technology. society 
245 0 |c Kenneth C. Laudon and Carol Guercio Traver 
260 |a New York 
260 |b Pearson Addison Wesley 
260 |c 2003 
650 |a Electronic commerce,Internet marketing,Information technology 
904 |i Nam 
980 |a Trung tâm Học liệu Trường Đại học Cần Thơ